Technológia voľného strojového kovania /

Salvato in:
Dettagli Bibliografici
Autori principali: Vajs, Gejza (Autore), Masnica, Matúš (Autore)
Natura: Libro
Lingua:slovacco
Pubblicazione: Bratislava : SNTL, 1962
Soggetti:
Tags: Aggiungi Tag
Nessun Tag, puoi essere il primo ad aggiungerne!!

MARC

LEADER 00000nam a22000003a 4500
001 stu43834
005 20150617225717.9
008 941215s1962----cs------------------slo-d
040 |a STU  |b slo 
041 0 |a slo 
044 |a cs 
080 |a 621.73 
100 1 |a Vajs, Gejza  |4 aut 
245 1 |a Technológia voľného strojového kovania /  |c [aut.]Gejza Vajs, Matúš Masnica 
260 |a Bratislava :  |b SNTL,  |c 1962 
300 |a 420 s 
650 7 |a Kovanie strojné  |2 stusub 
700 1 |a Masnica, Matúš  |4 aut 
996 |b 284M047001  |c M*3141-1  |l MMKN  |s A  |a 24  |w stu43834_0001